000
00287nam a2200109Ia 4500
008
230907s9999||||xx |||||||||||||| ||und||
082
_a
620.00151
_b
ONE
245
0
_a
Advanced engineering mathematics /
260
_a
Cengage Learning,
_b
Australia :
_c
2018
300
_a
839 p.
942
_c
BK
999
_c
600697
_d
600697